Hemorragias y trombosis. (Registro nro. 2208)

Detalles MARC
000 -LEADER
fixed length control field 00930nam a2200277 a 4500
008 - CAMPO DE CONTROL (LIBRO)
fixed length control field 150921e1987 ag ||||f |||| 00| 0 sp d
020 ## - INTERNATIONAL STANDARD BOOK NUMBER
ISBN 9500202239
041 ## - CODIGO DE IDIOMA
Código de idioma del texto/pista de sonido o título separado spa
092 ## - SIGNATURA TOPOGRAFICA DEWEY LOCAL
número de clasificación 612.1
libristica 49
sección LOV
100 1# - ENTRADA PRINCIPAL--NOMBRE PERSONAL
Nombre personal Lovesio, Carlos
9 (RLIN) 421
245 ## - TITULO PROPIAMENTE DICHO
Título Hemorragias y trombosis.
Subtítulo y Título paralelo En clínica y cirugía /
Mención de responsabilidad y remanente de la transcripción de la portada Carlos Lovesio
250 ## - MENCION DE EDICION
Mención de edición 1a ed.
260 ## - PIE DE IMPRENTA
Lugar de publicación, distribución, etc Buenos Aires:
Nombre de la editorial, distribuidor, etc El Ateneo;
Fecha de publicación 1987.
300 ## - DESCRIPCION FISICA
Extension 414 p.
500 ## - NOTA GENERAL
Nota general Lovesio, C. y Miroli, A. B. (1987). Hemorragias y trombosis. En clínica y cirugía. (1a ed.). Buenos Aires : El Ateneo.
653 ## - TÉRMINO INDIZADO - PALABRAS CLAVES
Palabra clave Hemostasia normal
653 ## - TÉRMINO INDIZADO - PALABRAS CLAVES
Palabra clave Trastornos plaquetarios
653 ## - TÉRMINO INDIZADO - PALABRAS CLAVES
Palabra clave Hemostasia y coagulacion trastornos
653 ## - TÉRMINO INDIZADO - PALABRAS CLAVES
Palabra clave Trastornos vasculares
653 ## - TÉRMINO INDIZADO - PALABRAS CLAVES
Palabra clave Hemorragia quirurgica, prevencion y tratamiento
653 ## - TÉRMINO INDIZADO - PALABRAS CLAVES
Palabra clave Trombosis y aterosclerosis
653 ## - TÉRMINO INDIZADO - PALABRAS CLAVES
Palabra clave Terapeutica
653 ## - TÉRMINO INDIZADO - PALABRAS CLAVES
Palabra clave Laboratorio
700 1# - ENTRADAS SECUNDARIAS - NOMBRE PERSONAL
Nombre personal Miroli, Alejandro B.
9 (RLIN) 3798
942 ## - ADDED ENTRY ELEMENTS (KOHA)
Source of classification or shelving scheme Dewey Decimal Classification
Item type Libros
Existencias
Estado de retiro Existencia Fuente de clasificación Estado general No para prestamo Colección Ubicación permanente ubicación actual Sala de ubicación Fecha de adquisición Fuente de adquisición Total Checkouts Número de clasificación Código de barras Date last seen Número de ejemplar Price effective from Koha tipo de elemento (item) Public note
    Dewey Decimal Classification     Non-fiction Biblioteca Medicina Biblioteca Medicina Circulación 21/09/2015 Donacion Dr. Novodvoretz   612.1 3544 21/09/2015 Ej. 1 21/09/2015 Libros Donacion

UNIVERSIDAD NACIONAL DEL COMAHUE
Biblioteca de la Facultad de Ciencias Médicas
Sede Toschi: Los Arrayanes y Av. Toschi, Cipolletti  - Rio Negro
Sede Los Tordos:  Yrigoyen al 2211, Cipolletti - Rio Negro 

Teléfono: 0299 - 4774707 int 25
Contacto: biblioteca@facimed.uncoma.edu.ar
© 2011 - 2026